| 000 | 00597nam a22001817a 4500 | ||
|---|---|---|---|
| 003 | OSt | ||
| 005 | 20150408114144.0 | ||
| 008 | 131022s us a | 00| 0 eng d | ||
| 020 | _a9781111426613 | ||
| 040 | _aMa-Un | ||
| 082 | 0 | 0 |
_223 _a574.19 _bLJB |
| 100 | 1 |
_aLandesberg, Joseph M. _936449 |
|
| 245 | 1 | 0 |
_aBasic laboratory experiments : _bgeneral, organic, and biochemistry / _cJoseph M. landesberg. |
| 260 |
_aBelmont, CA : _bBrooks/Cole, Cengage Learning, _c2012 |
||
| 300 |
_a224 p. : _bill ; _c28 cm. |
||
| 650 | 4 |
_aChemistry _xExperiments _xProblems, exercises, etc _938117 |
|
| 942 |
_2ddc _cBOOK |
||
| 999 |
_c31409 _d265909 |
||